L'idea e l'operato di una creazione vissuta.

I tiakina i:
Ngā taipitopito rārangi puna kōrero
Hōputu: Pukapuka
Reo:Itāriana
I whakaputaina: Minusio : [Sactuarium Artis Elisarion], [19..?]
Ngā Tūtohu: Tāpirihia he Tūtohu
Kāore He Tūtohu, Me noho koe te mea tuatahi ki te tūtohu i tēnei pūkete!

MARC

LEADER 00000nam a22000007i 4500
001 IT\ICCU\UBO\3640967
003 ItRI
005 20260115232222.0
008 090527q19001999sz |||||| ||||| |||||c
040 |b ita  |c importazione bologna sebina 
041 7 |a ita  |2 ISO-639-2 
245 0 2 |a L'idea e l'operato di una creazione vissuta. 
260 |a Minusio :  |b [Sactuarium Artis Elisarion],  |c [19..?] 
300 |a 12 p. :  |b ill. ;  |c 21 cm 
500 |a Tit. della cop 
500 |a Sul front.: Iniziazione al Santuario d'Arte Elisarion. 
942 |2 ddc  |c BK  |n 0 
952 |0 0  |1 0  |4 0  |6 DOC_709_200000000000000_IDE  |7 0  |9 22210  |a BO  |b BO  |d 2026-01-15  |i 5909  |l 0  |o DOC 709.2 IDE  |p BO5909  |r 2026-01-15 23:22:22  |w 2026-01-15  |x [Sebina 7] [1 v.]  |y BK  |z 1 v. 
999 |c 18980  |d 18980